| 000 | 01626cam a2200337 a 4500 | ||
|---|---|---|---|
| 005 | 20260322212033.0 | ||
| 008 | data | ||
| 010 | _a 2007006563 | ||
| 020 | _a9781416540700 | ||
| 020 | _a1416540709 | ||
| 040 |
_aDLC _cDLC _dDLC |
||
| 043 | _an-us-la | ||
| 050 | 0 | 0 |
_aGV958.J64 _bT56 2007 |
| 082 | 0 | 0 |
_a796.332/630976338 _222 |
| 092 | _a796.3 T56 2007 | ||
| 100 | 1 | _aThompson, Neal. | |
| 245 | 1 | 0 |
_aHurricane season : _ba coach, his team, and their triumph in the time of Katrina / _cNeal Thompson. |
| 250 | _a1st Free Press hardcover ed. | ||
| 260 |
_aNew York, NY : _bFree Press, _c2007. |
||
| 300 |
_aix, 308 p. : _bill. ; _c24 cm. |
||
| 504 | _aIncludes bibliographical references (p. 295-296) and index. | ||
| 505 | 0 | _aPatriots' game -- Friday night jamboree -- The maestro -- The birds are gone -- Storm surge -- A liquid funk -- War zone -- Crepe Myrtle -- For the love of the game -- Reentry -- I'm not gonna cancel the game! -- Gunning for Johnnie -- Big Green Indians -- Homecoming -- State. | |
| 610 | 2 | 0 |
_aJohn Curtis Christian School (River Ridge, La.) _xFootball. |
| 650 | 0 |
_aFootball _xSocial aspects _zRiver Ridge. _zRiver Ridge. |
|
| 650 | 0 |
_aHurricane Katrina, 2005 _xSocial aspects. |
|
| 856 | 4 | 1 |
_3Table of contents only _uhttp://www.loc.gov/catdir/toc/ecip0711/2007006563.html |
| 856 | 4 | 2 |
_3Publisher description _uhttp://www.loc.gov/catdir/enhancements/fy0804/2007006563-d.html |
| 856 | 4 | 1 |
_3Sample text _uhttp://www.loc.gov/catdir/enhancements/fy0804/2007006563-s.html |
| 856 | 4 | 2 |
_3Contributor biographical information _uhttp://www.loc.gov/catdir/enhancements/fy0904/2007006563-b.html |
| 001 | data | ||
| 999 |
_c776 _d776 |
||